The same sweet girls (Registro nro. 2437)
[ vista simple ]
| 000 -Cabecera | |
|---|---|
| Campo de control de longitud fija | 00484aam a2200205 4500 |
| 005 - Fecha y hora de la última transacción | |
| Campo de control | 20240808183826.0 |
| 008 - Elementos de longitud fija--Información general | |
| Campo de control de longitud fija | 150529b xxu||||| |||| 00| 0 spa d |
| 020 ## - International Standard Book Number | |
| Número Internacional Estándar del Libro (ISBN) | 0786891092 |
| 041 ## - Idioma | |
| Código de idioma | Inglés |
| 082 ## - Clasificación Decimal Dewey | |
| Número de clasificación | 813.54 K52sa |
| 100 ## - Entrada principal--Autor personal | |
| Nombre personal | King, Cassandra |
| 9 (RLIN) | 21046 |
| 245 ## - Título propiamente dicho | |
| Título | The same sweet girls |
| 260 ## - Pie de imprenta | |
| Lugar de publicación, distribución, etc. | Estados Unidos |
| 260 ## - Pie de imprenta | |
| Nombre del editor, distribuidor, etc. | Hyperion |
| 260 ## - Pie de imprenta | |
| Fecha de publicación, distribución, etc. | 2005 |
| 300 ## - Descripción física | |
| Extensión | 540 páginas |
| 650 ## - Materia general | |
| Temática (materia general) | LITERATURA ESTADOUNIDENSE |
| 650 ## - Materia general | |
| Temática (materia general) | NOVELA |
| 942 ## - Punto de acceso adicional KOHA | |
| Tipo de ítem KOHA | Literatura |
| Fuente del sistema de clasificación o colocación | Dewey Decimal Classification |
| Signatura completa | Código de barras | Tipo de ítem |
|---|---|---|
| 813.54 K52sa | 15301 | Literatura |